Ekonomika, financie a manažment podniku X. zborník vedeckých statí pri príležitosti Týždňa vedy a techniky

Salvato in:
Dettagli Bibliografici
Ente Autore: Ekonomická univerzita v Bratislave. Fakulta podnikového manažmentu
Altri autori: Markovič, Peter, 1974-, Tóth, Miroslav, 1961-, Grznár, Miroslav, Rajňák, Milan
Natura: Libro
Lingua:slovacco
inglese
tedesco
Pubblicazione: Bratislava Vydavateľstvo EKONÓM 2016
Edizione:1. vyd.
Soggetti:
Tags: Aggiungi Tag
Nessun Tag, puoi essere il primo ad aggiungerne!!

MARC

LEADER 00000nlm a2200000 4500
001 0226212
005 20240514123437.9
020 |a 978-80-225-4279-1 
041 0 |a slo 
041 0 |a eng 
041 0 |a ger 
044 |a SK 
245 1 0 |a Ekonomika, financie a manažment podniku X.  |b zborník vedeckých statí pri príležitosti Týždňa vedy a techniky  |c zostavovatelia (editors): Peter Markovič, Miroslav Tóth 
250 |a 1. vyd. 
264 1 |a Bratislava  |b Vydavateľstvo EKONÓM  |c 2016 
300 |a CD-ROM [520 s., 36,71 AH] 
610 2 0 |a hospodárstvo podnikové 
610 2 0 |a financie podnikové 
610 2 0 |a riadenie podnikové 
700 1 |a Markovič, Peter, 1974- 
700 1 |a Tóth, Miroslav, 1961- 
700 1 |a Grznár, Miroslav 
700 1 |a Rajňák, Milan 
710 2 |a Ekonomická univerzita v Bratislave. Fakulta podnikového manažmentu